02121cam a22002298i 4500003000400000005001700004008002200021020005400043040000800097082002500105100003100130245009200161264006600253300002500319504005100344520125800395588010301653650002701756650001601783650004401799650004801843KPN20260512143918.020260417b 00| 0 my d z9781647826239qhardcovercRM200.64a9781647826239 cKPN00a352.367 DEC 20242231 aDe Cremer, David,eauthor.14aThe AI-savvy leader :b9 ways to take back control and make ai work /cDavid De Cremer. 1aBoston, Massachusetts :bHarvard Business Review Press,c2024 avi, 216 pagesb21 cm aIncludes bibliographical references and index. a"AI is coming fast and will affect every part of a business, including the role of the leader. And up until now, leaders have largely ceded their role in the transformation-pushing determination of strategy out to tech teams and leaving investment decisions with groups that don't have a full view of the organization. Just when responsible leadership is more imperative than ever, leaders are not stepping up to understand and execute in the new world of human-machine collaboration. A generation of AI transformation failures awaits if leaders don't connect their use of AI to their strategies. This book helps leaders retake control of the wildly rapid deployment of AI across organizations. It outlines cleanly and concisely nine actions leaders need to take to successfully steward a transition to a more AI-centric future that will lead to growth for all-companies and workers-and avoid the kinds of mistakes that author David De Cremer has seen many early adopters already make. This is not a book about AI technology itself or the latest developments in machine learning but rather a clarion call for leaders to take their rightful place at the front of the AI revolution and lead their organization into the new world"--cProvided by publisher. aDescription based on print version record and CIP data provided by publisher; resource not viewed. 0aOrganizational change. 0aLeadership. 0aManangementxTechnological innovations. 0aArtificial intelligencexEconomic aspects..